| 000 | 01293nam a22002657a 4500 | ||
|---|---|---|---|
| 999 |
_c22173 _d22173 |
||
| 003 | AR-CdUCM | ||
| 008 | 190425b ||||| |||| 00| 0 spa d | ||
| 040 |
_aMUNICIPALIDAD PROVINCIAL DEL CUSCO _cBIBLIOTECA MUNICIPAL DEL CUSCO |
||
| 082 | _aOropesa/N°59/2006 | ||
| 245 |
_aOropesa : _brevista de cultura y educación de opinión y crítica / _cAmérico Valer Vargas, Director |
||
| 260 |
_aCusco. _bPantigozo, _c2006. |
||
| 300 |
_a18 páginas. : _bilustraciones ; _c30 cm. |
||
| 440 |
_aOropesa. _nAño XXV, N°LIX, setiembre 2006. _947595 |
||
| 505 | _aContenido: Ollantay y la literatura quechua. -- El amaru y el origen del zorro andino. -- Incendios forestales causas y efectos. -- Cusco exige cumplimiento de promesas al presidente Alan García. -- Historia de la Facultad de Ciencias Sociales de la UNSAAC y la urgencia necesidad de un colegio de historiadores. Emeteria Uñapilco Roca. -- La Yupana. | ||
| 650 |
_aPolítica cusqueña _947381 |
||
| 650 |
_aCultura andina _947570 |
||
| 650 |
_aSociedad cusqueña _947493 |
||
| 650 |
_aSiglo XX _947561 |
||
| 700 |
_aCanal Astete, Washington _947571 |
||
| 700 |
_aSaloma González, Adolfo _947592 |
||
| 700 |
_aValenzuela Lovón, Armando _91192 |
||
| 700 |
_aEspinoza Martínez, Héctor _947132 |
||
| 942 |
_2ddc _cPP |
||
| 945 | _arac | ||